Common diseases of companion animals /

Bibliographic Details
Main Author: Summers, Alleice (Author)
Format: eBook
Language:English
Published: [Philadelphia, Pa.] : Elsevier Mosby, [2014]
Edition:Third edition.
Subjects:
Online Access:Connect to the full text of this electronic book

MARC

Tag First Indicator Second Indicator Subfields
LEADER 00000cam a2200000Ki 4500
001 in00004530307
005 20190523155905.0
006 m o d
007 cr cn|||||||||
008 131217s2014 paua ob 001 0 eng d
020 |a 9780323101271 (electronic bk.) 
020 |a 0323101275 (electronic bk.) 
020 |z 9780323101264 
020 |z 0323101267 
035 |a (OCoLC)ocn865508820 
035 |a (OCoLC)865508820 
040 |a N$T  |b eng  |e rda  |c N$T  |d YDXCP  |d ORE  |d TMV  |d UtOrBLW 
049 |a TMVM 
050 4 |a SF991  |b .S878 2014eb 
060 1 4 |a SF 991 
060 4 |a SF 991  |b S957c 2014eb 
100 1 |a Summers, Alleice,  |e author.  |0 http://id.loc.gov/authorities/names/n2001012482 
245 1 0 |a Common diseases of companion animals /  |c Alleice Summers. 
250 |a Third edition. 
264 1 |a [Philadelphia, Pa.] :  |b Elsevier Mosby,  |c [2014] 
300 |a 1 online resource :  |b illustrations (some color). 
336 |a text  |b txt  |2 rdacontent 
337 |a computer  |b c  |2 rdamedia 
338 |a online resource  |b cr  |2 rdacarrier 
500 |a Preceded by: Common diseases of companion animals. 2nd edition. c2007. 
500 |a Description based on opening page (viewed Mar 07, 2014). 
504 |a Includes bibliographical references and index. 
500 |a Electronic resource. 
650 0 |a Dogs  |x Diseases.  |0 http://id.loc.gov/authorities/subjects/sh85038798 
650 0 |a Cats  |x Diseases.  |0 http://id.loc.gov/authorities/subjects/sh85021264 
650 0 |a Pets  |x Diseases.  |0 http://id.loc.gov/authorities/subjects/sh2010105968 
650 0 |a Animals  |x Diseases.  |0 http://id.loc.gov/authorities/subjects/sh85005251 
650 2 |a Dog Diseases  |x diagnosis.  |0 https://id.nlm.nih.gov/mesh/D004283Q000175 
650 2 |a Dog Diseases  |x therapy.  |0 https://id.nlm.nih.gov/mesh/D004283Q000628 
650 2 |a Animal Diseases.  |0 https://id.nlm.nih.gov/mesh/D000820 
650 2 |a Animals, Domestic.  |0 https://id.nlm.nih.gov/mesh/D000829 
650 2 |a Cat Diseases  |x diagnosis.  |0 https://id.nlm.nih.gov/mesh/D002371Q000175 
650 2 |a Cat Diseases  |x therapy.  |0 https://id.nlm.nih.gov/mesh/D002371Q000628 
655 7 |a Ebooks.  |2 local 
655 7 |a Electronic books.  |2 local 
776 1 |t Common diseases of companion animals.  |w (OCoLC)ocn845225005 
856 4 0 |u http://proxy.library.tamu.edu/login?url=https://ebookcentral.proquest.com/lib/tamum-ebooks/detail.action?docID=1746394  |z Connect to the full text of this electronic book  |t 0 
999 |a MARS 
999 f f |s ed0f8f75-b596-3b49-b0b6-260461ce8ce4  |i 8ce3a5fd-3100-3444-b423-79b0e4cbf1db  |t 0 
952 f f |a Texas A&M University  |b College Station  |c Electronic Resources  |d Available Online  |t 0  |e SF 991 S957c 2014eb  |h National Library of Medicine classification 
998 f f |a SF 991 S957c 2014eb  |t 0  |l Available Online